<?xml version="1.0" encoding="UTF-8"?>
<collection xmlns="http://www.loc.gov/MARC21/slim">
 <record>
  <leader>02363pam a22003018a 4500</leader>
  <controlfield tag="001">00034471</controlfield>
  <controlfield tag="005">20171026081025.0</controlfield>
  <controlfield tag="008">160919s2016                  ||||||Viesd</controlfield>
  <datafield tag="020" ind1="#" ind2="#">
   <subfield code="a">9786040092700</subfield>
   <subfield code="c">50000</subfield>
  </datafield>
  <datafield tag="041" ind1="0" ind2="#">
   <subfield code="a">Vie</subfield>
  </datafield>
  <datafield tag="082" ind1="1" ind2="4">
   <subfield code="a">371.2</subfield>
   <subfield code="b">D550B</subfield>
  </datafield>
  <datafield tag="100" ind1="1" ind2="#">
   <subfield code="a">Lê, Khánh Tuấn</subfield>
  </datafield>
  <datafield tag="245" ind1="0" ind2="0">
   <subfield code="a">Dự báo và kế hoạch hóa trong quản lí giáo dục</subfield>
   <subfield code="c">Lê Khánh Tuấn</subfield>
  </datafield>
  <datafield tag="250" ind1="#" ind2="#">
   <subfield code="a">Tái bản lần thứ nhất</subfield>
  </datafield>
  <datafield tag="260" ind1="#" ind2="#">
   <subfield code="b">Giáo dục</subfield>
   <subfield code="c">2016</subfield>
   <subfield code="a">Hà Nội</subfield>
  </datafield>
  <datafield tag="300" ind1="#" ind2="#">
   <subfield code="a">163 tr.</subfield>
   <subfield code="c">24 cm.</subfield>
  </datafield>
  <datafield tag="653" ind1="#" ind2="#">
   <subfield code="a">Dự báo</subfield>
  </datafield>
  <datafield tag="653" ind1="#" ind2="#">
   <subfield code="a">Giáo dục</subfield>
  </datafield>
  <datafield tag="653" ind1="#" ind2="#">
   <subfield code="a">Quản lí</subfield>
  </datafield>
  <datafield tag="653" ind1="#" ind2="#">
   <subfield code="a">Phát triển</subfield>
  </datafield>
  <datafield tag="653" ind1="#" ind2="#">
   <subfield code="a">Kế hoạch hóa</subfield>
  </datafield>
  <datafield tag="852" ind1="#" ind2="#">
   <subfield code="b">Kho mượn</subfield>
   <subfield code="j">KM.0018448, KM.0018449, KM.0018450, KM.0018451, KM.0018452, KM.0018453, KM.0018454, KM.0018455, KM.0018456, KM.0018457, KM.0018458, KM.0018459, KM.0018835, KM.0018836, KM.0018838, KM.0018839, KM.0018840, KM.0018841, KM.0018842, KM.0018843, KM.0018844, KM.0018845, KM.0018846, KM.0018847, KM.0018848, KM.0018849, KM.0018850, KM.0018851, KM.0018852, KM.0018853, KM.0018854, KM.0018855, KM.0018856, KM.0018857, KM.0018858, KM.0018859, KM.0018860, KM.0018861, KM.0018862, KM.0018863, KM.0018864, KM.0018865, KM.0018866, KM.0018867, KM.0018868, KM.0018869, KM.0018870, KM.0018871, KM.0018872, KM.0018873, KM.0018874, KM.0018875, KM.0018876, KM.0018877, KM.0018878, KM.0018879, KM.0018880, KM.0018881, KM.0018882, KM.0018883, KM.0023159</subfield>
  </datafield>
  <datafield tag="852" ind1="#" ind2="#">
   <subfield code="j">KD.0017877</subfield>
   <subfield code="j">KM.0018448</subfield>
   <subfield code="j">KM.0018450</subfield>
   <subfield code="j">KM.0018451</subfield>
   <subfield code="j">KM.0018452</subfield>
   <subfield code="j">KM.0018453</subfield>
   <subfield code="j">KM.0018455</subfield>
   <subfield code="j">KM.0018456</subfield>
   <subfield code="j">KM.0018458</subfield>
   <subfield code="j">KM.0018459</subfield>
   <subfield code="j">KM.0018836</subfield>
   <subfield code="j">KM.0018838</subfield>
   <subfield code="j">KM.0018840</subfield>
   <subfield code="j">KM.0018841</subfield>
   <subfield code="j">KM.0018843</subfield>
   <subfield code="j">KM.0018845</subfield>
   <subfield code="j">KM.0018846</subfield>
   <subfield code="j">KM.0018848</subfield>
   <subfield code="j">KM.0018849</subfield>
   <subfield code="j">KM.0018851</subfield>
   <subfield code="j">KM.0018852</subfield>
   <subfield code="j">KM.0018854</subfield>
   <subfield code="j">KM.0018856</subfield>
   <subfield code="j">KM.0018857</subfield>
   <subfield code="j">KM.0018858</subfield>
   <subfield code="j">KM.0018860</subfield>
   <subfield code="j">KM.0018861</subfield>
   <subfield code="j">KM.0018863</subfield>
   <subfield code="j">KM.0018864</subfield>
   <subfield code="j">KM.0018866</subfield>
   <subfield code="j">KM.0018867</subfield>
   <subfield code="j">KM.0018869</subfield>
   <subfield code="j">KM.0018870</subfield>
   <subfield code="j">KM.0018872</subfield>
   <subfield code="j">KM.0018873</subfield>
   <subfield code="j">KM.0018875</subfield>
   <subfield code="j">KM.0018876</subfield>
   <subfield code="j">KM.0018878</subfield>
   <subfield code="j">KM.0018879</subfield>
   <subfield code="j">KM.0018881</subfield>
   <subfield code="j">KM.0018882</subfield>
   <subfield code="j">KM.0023159</subfield>
   <subfield code="j">KM.0018835</subfield>
   <subfield code="j">KM.0018839</subfield>
   <subfield code="j">KM.0018842</subfield>
   <subfield code="j">KM.0018844</subfield>
   <subfield code="j">KM.0018847</subfield>
   <subfield code="j">KM.0018850</subfield>
   <subfield code="j">KM.0018853</subfield>
   <subfield code="j">KM.0018855</subfield>
   <subfield code="j">KM.0018859</subfield>
   <subfield code="j">KM.0018862</subfield>
   <subfield code="j">KM.0018865</subfield>
   <subfield code="j">KM.0018868</subfield>
   <subfield code="j">KM.0018871</subfield>
   <subfield code="j">KM.0018874</subfield>
   <subfield code="j">KM.0018877</subfield>
   <subfield code="j">KM.0018880</subfield>
   <subfield code="j">KM.0018449</subfield>
   <subfield code="j">KM.0018454</subfield>
   <subfield code="j">KM.0018457</subfield>
  </datafield>
  <datafield tag="852" ind1="#" ind2="#">
   <subfield code="b">Kho đọc</subfield>
   <subfield code="j">KD.0017877</subfield>
  </datafield>
  <datafield tag="910" ind1=" " ind2=" ">
   <subfield code="d">19/09/2016</subfield>
  </datafield>
  <datafield tag="980" ind1="#" ind2="#">
   <subfield code="a">Trung tâm Học liệu Lê Vũ Hùng, Trường Đại học Đồng Tháp</subfield>
  </datafield>
 </record>
</collection>
